| 000 | 00468 a2200181 4500 | ||
|---|---|---|---|
| 999 |
_c4594 _d4594 |
||
| 020 | _a0908311931 | ||
| 050 | _aPR9390.9 VER 1996 | ||
| 100 |
_aVera, Yvonne _eauthor |
||
| 245 |
_aUnder the tongue / _cYvonne Vera |
||
| 264 |
_aHarare: _bBaobab Books, _c1996 |
||
| 300 | _a114p. : | ||
| 500 | _aNovel | ||
| 650 | _aFamilies -- Zimbabwe -- Fiction. | ||
| 650 | _aZimbabwe -- Fiction. | ||
| 650 | _aFamilies. | ||
| 651 | _aZimbabwe | ||
| 942 |
_2lcc _cBK _h9390.9 _iVER _kPR |
||